00748nam a2200253 a 4500001001300000003000900013005001700022008004100039020002400080082001800104100002100122245003400143260002700177300000900204500003500213505001000248650003300258650002900291700002100320902000800341942000700349952012100356999001700477nice12345678IN_TiNIC20260116013814.0050524s1994 dela grp 000 0 eng  a0803967 c115200a323.1194bESS aEssed, Philomena aUnderstanding Everyday Racism aDelhibSage Pub c1994 a322p aincludes index and biblioraphy2 aIndex aMinorities-Western Countries aRacism-Western Countries1 aEssed, Philomena bSRS cBK 001040708StackRoom-aHMIbHMId2007-04-09g1152.00l0o323.1194 ESSp016126r2007-04-09v1152.00w2005-05-24yBK c12594d12594